Teoretické a praktické východiská evalvácie výchovno-vzdelávacieho procesu na vysokej škole I.

Dokončenie v č. 4/2002.

Salvato in:
Dettagli Bibliografici
Autore principale: Antalová, Mária, 1952-
Natura: Capitolo di libro
Lingua:slovacco
Tags: Aggiungi Tag
Nessun Tag, puoi essere il primo ad aggiungerne!!

MARC

LEADER 00000naa$a2200000$$$4500
001 0110745
005 20240502072226.7
041 0 |a slo 
044 |a SK 
245 1 0 |a Teoretické a praktické východiská evalvácie výchovno-vzdelávacieho procesu na vysokej škole I.  |c Mária Antalová 
520 |a Dokončenie v č. 4/2002. 
100 1 |a Antalová, Mária, 1952-